000 00590nam a2200217Ia 4500
003 GCL
008 140319s9999 xx 000 0 eng d
020 _a1857151364
040 _aGCL /
_cGCL
082 0 4 _a813
_bT W
100 1 _aTHOREAU, DAVID HENERY
245 1 0 _aWALDEN /
_cTHOREAU, DAVID HENERY
700 1 _aKLINKENBORG, VERLYN
260 _aانجلترا :
_bEVERYMAN'S LIBRARY ،
_c1992
300 _a21CM ؛
_cXXXI,295 P
490 _aTHE MILLENNIUM LIBRARY
_v136
650 0 4 _aLITERATURE
650 0 4 _aAMERICAN FICTION
650 0 4 _aAMERICAN LITERATURE
942 _2ddc
_cBK
999 _c5865
_d5865